Memorias / (Record no. 47600)

MARC details
000 -LEADER
campo de control de longitud fija 00918nam a2200265 i 4500
001 - NÚMERO DE CONTROL
campo de control 47600
003 - IDENTIFICADOR DE NÚMERO DE CONTROL
campo de control ES-MaACL
005 - FECHA Y HORA DE LA ÚLTIMA TRANSACCIÓN
campo de control 20250920063039.0
007 - CAMPO FIJO DE DESCRIPCIÓN FÍSICA--INFORMACIÓN GENERAL
campo de control de longitud fija t|
008 - DATOS DE LONGITUD FIJA--INFORMACIÓN GENERAL
campo de control de longitud fija 030507m19521953sp c |||| |bspa d
080 ## - NÚMERO DE LA CLASIFICACIÓN DECIMAL UNIVERSAL
Número de la Clasificación Decimal Universal 929 Insúa, Alberto
100 1# - ENTRADA PRINCIPAL--NOMBRE DE PERSONA
Nombre de persona Insúa, Alberto,
Fechas asociadas al nombre 1885-1963
9 (RLIN) 65346
245 10 - MENCIÓN DEL TÍTULO
Título Memorias /
Mención de responsabilidad, etc. Alberto Insúa [seud.].
250 ## - MENCION DE EDICION
Mención de edición 1ª ed.
260 ## - PUBLICACIÓN, DISTRIBUCIÓN, ETC.
Lugar de publicación, distribución, etc. Madrid :
Nombre del editor, distribuidor, etc. Tesoro,
Fecha de publicación, distribución, etc. 1952-1953 (
Fabricante Julio San Martín)
300 ## - DESCRIPCIÓN FÍSICA
Extensión 2 v. :
Otras características físicas retr. autor ;
Dimensiones 21 cm.
490 1# - MENCIÓN DE SERIE
Mención de serie La ventana de papel
500 ## - NOTA GENERAL
Nota general Índices.
505 8# - NOTA DE CONTENIDO CON FORMATO
Nota de contenido con formato Contiene: 1. Mi tiempo y yo (en p. 467-474: El Ateneo, gran capítulo de mi historia) - 2. Horas felices, tiempos crueles
600 14 - PUNTO DE ACCESO ADICIONAL DE MATERIA--NOMBRE DE PERSONA
Nombre de persona Insúa, Alberto,
Fechas asociadas al nombre 1885-1963
9 (RLIN) 65346
610 24 - PUNTO DE ACCESO ADICIONAL DE MATERIA--NOMBRE DE ENTIDAD CORPORATIVA
Nombre de entidad corporativa o nombre de jurisdicción como elemento de entrada Ateneo de Madrid-
Subdivisión de forma Historia-
-- Relatos personales
9 (RLIN) 1926
830 1# - PUNTO DE ACCESO ADICIONAL DE SERIE-TÍTULO UNIFORME
Título uniforme La ventana de papel
9 (RLIN) 183796
852 ## - LOCALIZACIÓN
Ubicación ES-MaACL
Número de control de estantería G-1002-03
Holdings
Estatus retirado Estado de pérdida Estado de daño No para préstamo Colección Biblioteca de origen Biblioteca actual Ubicación en estantería Fecha de adquisición Fuente de adquisición Total de préstamos Signatura topográfica completa Código de barras Visto por última vez Precio de reemplazo Tipo de ítem Koha
        Fondo Ateneo de Madrid Biblioteca del Ateneo de Madrid Biblioteca del Ateneo de Madrid Depósito 2 17/01/2008     G-1002-03 1050083 23/02/2023 23/02/2023 Libro impreso